Loading...
| Fine Arts - Painting and Sculpture | 0 | 8 | 0 | 1 | 80 | 51 | 72.75 | 0 | 1 | 24.84 | 39.42 |
| Fine Arts - Classical Music | 0 | 8 | 1 | 0 | 75 | 16 | 71.38 | 1 | 3 | 26.81 | 39.16 |
| Fine Arts - Other | 0 | 5 | 0 | 0 | 50 | 45 | 67.40 | 1 | 3 | 16.52 | 32.00 |
| Science - Other | 0 | 5 | 1 | 2 | 45 | 35 | 77.00 | 1 | 1 | 13.94 | 20.99 |
| History - World | 0 | 4 | 1 | 0 | 35 | 61 | 67.50 | 0 | 0 | 12.87 | 17.68 |
| Literature - American | 0 | 5 | 3 | 2 | 35 | 47 | 88.00 | 0 | 0 | 10.23 | 12.93 |
| Literature - European | 0 | 4 | 1 | 0 | 35 | 73 | 88.25 | 0 | 0 | 7.75 | 15.97 |
| Mythology | 0 | 3 | 0 | 2 | 30 | 54 | 73.00 | 0 | 0 | 9.18 | 13.19 |
| Science - Physics | 0 | 3 | 0 | 0 | 30 | 15 | 42.67 | 1 | 2 | 15.00 | 19.71 |
| History - Other | 0 | 3 | 0 | 0 | 30 | 60 | 71.00 | 0 | 1 | 8.70 | 12.93 |
| Literature - British | 0 | 3 | 1 | 1 | 25 | 62 | 72.67 | 0 | 0 | 9.23 | 11.54 |
| History - European | 0 | 3 | 1 | 0 | 25 | 29 | 44.00 | 1 | 2 | 15.37 | 18.11 |
| Science - Biology | 0 | 3 | 1 | 0 | 25 | 57 | 64.00 | 0 | 1 | 9.68 | 17.68 |
| Social Science | 0 | 2 | 0 | 0 | 20 | 74 | 76.00 | 0 | 0 | 5.79 | 12.61 |
| Literature - World | 0 | 3 | 2 | 1 | 20 | 64 | 84.33 | 0 | 1 | 7.29 | 12.02 |
| Science - Chemistry | 0 | 2 | 0 | 0 | 20 | 55 | 66.50 | 0 | 1 | 4.47 | 11.11 |
| Philosophy | 0 | 1 | 0 | 0 | 10 | 79 | 79.00 | 0 | 1 | 2.83 | 9.26 |
| Religion | 0 | 1 | 0 | 0 | 10 | 56 | 56.00 | 0 | 0 | 3.52 | 4.86 |
| Current Events | 0 | 0 | 1 | 0 | -5 | 0.00 | 0 | 0 | 0.00 | 0.00 | |
| Geography | 0 | 0 | 1 | 0 | -5 | 0.00 | 0 | 0 | 0.00 | 0.00 | |
| History - American | 0 | 0 | 2 | 0 | -10 | 0.00 | 0 | 0 | 0.00 | 0.00 |